000 00453nam a2200181Ia 4500
001 11398
005 20260306162825.0
008 260306t2014||||xx |||||||||||||| ||spa||
041 _aESP
082 _a985.04
_bP43 T. 2
100 _aContreras Carranza, carlos
_eAUT
245 0 _aPerú la construcción nacional:
_b1830/1880
260 _c2014
300 _a360 páginas :
_c19 cm.
650 _aGEN
654 _aCHU
942 _cLIB
_dJUS
_fJUS
_2ddc
_n
999 _c11398
_d11398